000 00673nam a22002177a 4500
999 _c17368
_d17368
003 AR-CdUCM
008 190508b ||||| |||| 00| 0 spa d
040 _aMUNICIPALIDAD PROVINCIAL DEL CUSCO
_cBIBLIOTECA MUNICIPAL DEL CUSCO
082 _a869.25 /
_bG66
100 _aGonzales, Joaquin V.
_937343
245 _aMis montañas /
260 _aBuenos Aires :
_bMoreno,
_c1965.
300 _a165 paginas ;
_c16 cm.
505 _aContenido: Estudio preliminar -- Mis montañas
650 _aMontañas
_9629
650 _aLiteratura
_983
700 _aAra, Guillermo
_912815
700 _aHortensia Lacau, Maria
_937344
942 _2ddc
_cLIBROS
945 _apjha
_d2019-05-08